00270nam a2200109Ia 4500008004100000100002000041245000900061260000900070300003000079440002400109650002700133180117s9999 xx 000 0 und d aby AA Patawaran aWHWN c2017 a20-22 pages, 2017 April 9 aPhilippine Panorama aALL QUIET ON THE VIRGO